|
|
|
|
| LEADER |
01565cas a2200241 a 4500 |
| 001 |
AALejournalIMF008490 |
| 008 |
230101c9999 xx r poo 0 0eng d |
| 020 |
|
|
|c 5.00 USD
|
| 020 |
|
|
|z 9781451841480
|
| 022 |
|
|
|a 1934-7685
|
| 040 |
|
|
|a BD-DhAAL
|c BD-DhAAL
|
| 110 |
2 |
|
|a International Monetary Fund.
|
| 245 |
1 |
0 |
|a Zimbabwe :
|b Selected Issues and Statistical Appendix.
|
| 264 |
|
1 |
|a Washington, D.C. :
|b International Monetary Fund,
|c 2003.
|
| 300 |
|
|
|a 1 online resource (133 pages)
|
| 490 |
1 |
|
|a IMF Staff Country Reports
|
| 500 |
|
|
|a <strong>Off-Campus Access:</strong> No User ID or Password Required
|
| 500 |
|
|
|a <strong>On-Campus Access:</strong> No User ID or Password Required
|
| 506 |
|
|
|a Electronic access restricted to authorized BRAC University faculty, staff and students
|
| 520 |
3 |
|
|a This Selected Issues paper analyzes economic and agricultural developments, and the impact of land reforms of Zimbabwe. The paper summarizes the quantitative estimates of the fiscal burden and overall medium-term macroeconomic impact of HIV/AIDS on Zimbabwe. It reviews the debt restructuring, fiscal sustainability, and the vulnerabilities of Zimbabwe's banking system. It analyzes the situation of major public enterprises and the foreign exchange system in Zimbabwe. It also provides a statistical appendix for Zimbabwe.
|
| 538 |
|
|
|a Mode of access: Internet
|
| 830 |
|
0 |
|a IMF Staff Country Reports; Country Report ;
|v No. 2003/225
|
| 856 |
4 |
0 |
|z Full text available on IMF
|u http://elibrary.imf.org/view/journals/002/2003/225/002.2003.issue-225-en.xml
|z IMF e-Library
|